000 00716nam a2200229Ia 4500
003 OSt
005 20220927104641.0
006 a|||||r|||| 00| 0
007 ta
008 220926b |||||||| |||| 00| 0 eng d
024 _a150078
037 _cReference Collections
040 _aRTL
_cRTL
_beng
041 _2eng
_aeng
082 _a"X9(D513):9.1.N8, M3/UN"
110 _a"UN, Economic Commission for Europe"
245 0 _aTechno-eco aspects of the international division of labour in the automative industry
260 _c1983
700 _a"UN, Economic Commission for Europe"
942 _h"X9(D513):9.1.N8, M3/UN"
_cCC
999 _c688179
_d688179